000 00826nam a22001937a 4500
003 OSt
005 20260218143503.0
008 260218b |||||||| |||| 00| 0 eng d
040 _c0
082 _aDPer 796.07 J826 January-October 2023 v. 42 n. 1-4
100 _aCheng, Hong-Yu
_eauthor.
_969805
245 _aA Cross-Cultural Comparison Study of the Relationships Between Perceived Coaching Behaviors and Student Athletes' Competitive Anxiety /
_cHong-YU Cheng and Jia-Han Wang.
260 _aChampaign, IL ;
_bHuman Kinetics, Inc. ,
_cOctober 2023.
300 _aVolume 42, pages 600-608 :
_billustration ;
_c29 cm.
500 _aJournal of Teaching in Physical Education, vol. 42 no. 4, pages 600-608, July 2023.
700 _aCheng, Hong-Yu
_eauthor.
_969805
700 _aWang, Jia-Nan
_eauthor.
_969806
942 _2ddc
_cPER
999 _c24350
_d24350